La educación en América Latina
Guardado en:
| Autor principal: | |
|---|---|
| Formato: | Desconocido |
| Aporte de: | Registro referencial: Solicitar el recurso aquí |
| LEADER | 00345 a2200109 4500 | ||
|---|---|---|---|
| 001 | ART_39773 | ||
| 005 | 20260410162012.0 | ||
| 008 | 260409a | ||
| 245 | 1 | 0 | |a La educación en América Latina |
| 100 | 1 | |a Puryear, Jeffrey M. | |
| 773 | 0 | |t Revista de la Escuela de Economía y Negocios |g - Año 2, Nº 4 (abr. 2000) |w REV39725 | |
| 999 | |c 32344 |d 32344 | ||